Как понимать квантовую механику

Bibliografische gegevens
Hoofdauteur: Иванов М. Г. Михаил Геннадьевич
Samenvatting:Данная книга посвящена обсуждению вопросов, которые, с точки зрения автора, способствуют пониманию квантовой механики и выработке квантовой интуиции. Цель книги — не просто дать сводку основных формул, но и научить читателя понимать, что эти формулы означают. Особое внимание уделено обсуждению места квантовой механики в современной научной кар­тине мира, её смыслу (физическому, математическому, философскому) и ин­терпретациям.Книга полностью включает материал первого семестра стандартного го­дового курса квантовой механики и может быть использована студентами, как введение в предмет. Для начинающего читателя должны быть полезны обсуждения физического и математического смысла вводимых понятий, од­нако многие тонкости теории и её интерпретаций могут оказаться излишними и даже запутывающими, а потому должны быть опущены при первом чтении.
Taal:Russisch
Gepubliceerd in: Ижевск, Регулярная и хаотическая динамика, 2015
Editie:2-е изд., испр. и доп.
Onderwerpen:
Formaat: Boek
KOHA link:https://koha.lib.tpu.ru/cgi-bin/koha/opac-detail.pl?biblionumber=308182

MARC

LEADER 00000nam0a2200000 4500
001 308182
005 20231102002052.0
010 |a 9785434402880 
035 |a (RuTPU)RU\TPU\book\333491 
090 |a 308182 
100 |a 20151029d2015 km y0rusy50 ca 
101 0 |a rus 
102 |a RU 
105 |a a z 001zy 
200 1 |a Как понимать квантовую механику  |f М. Г. Иванов 
205 |a 2-е изд., испр. и доп. 
210 |a Ижевск  |a Москва  |c Регулярная и хаотическая динамика  |c Институт компьютерных исследований  |d 2015 
215 |a 530 с.  |c ил. 
320 |a Предм. указ.: с. 519-529. 
330 |a Данная книга посвящена обсуждению вопросов, которые, с точки зрения автора, способствуют пониманию квантовой механики и выработке квантовой интуиции. Цель книги — не просто дать сводку основных формул, но и научить читателя понимать, что эти формулы означают. Особое внимание уделено обсуждению места квантовой механики в современной научной кар­тине мира, её смыслу (физическому, математическому, философскому) и ин­терпретациям.Книга полностью включает материал первого семестра стандартного го­дового курса квантовой механики и может быть использована студентами, как введение в предмет. Для начинающего читателя должны быть полезны обсуждения физического и математического смысла вводимых понятий, од­нако многие тонкости теории и её интерпретаций могут оказаться излишними и даже запутывающими, а потому должны быть опущены при первом чтении. 
606 1 |a Квантовая механика  |2 stltpush  |3 (RuTPU)RU\TPU\subj\14211  |9 40667 
610 1 |a физика 
610 1 |a квантовая физика 
610 1 |a картина мира 
610 1 |a математические понятия 
610 1 |a одномерные квантовые системы 
610 1 |a измерения 
610 1 |a философские взгляды 
610 1 |a квантовая информатика 
610 1 |a симметрии 
610 1 |a теорема Нетер 
610 1 |a гармонические осцилляторы 
610 1 |a волны де Бройля 
610 1 |a группы 
610 1 |a квазиклассическое приближение 
610 1 |a вращения 
610 1 |a моменты 
610 1 |a элементарные частицы 
610 1 |a матрицы 
610 1 |a спектры 
610 1 |a рассеяние 
610 1 |a измерительные приборы 
610 1 |a криптография 
610 1 |a законы сохранения 
610 1 |a теорема Эренфеста 
675 |a 530.145.1  |v 4 
700 1 |a Иванов  |b М. Г.  |g Михаил Геннадьевич 
801 1 |a RU  |b 63413507  |c 20151029 
801 2 |a RU  |b 63413507  |c 20160324  |g RCR 
900 |a Квантовая механика 
942 |c BK 
959 |a 135/20151029  |d 1  |e 594,00  |f ЧЗТЛ:1